[Event "Koge Xtracon op"]
[Site "Koge"]
[Date "2013.10.18"]
[Round "5"]
[White "Percivaldi, Martin"]
[Black "Degerfeldt, Sven"]
[Result "1-0"]
[WhiteElo "2191"]
[BlackElo "1929"]
[PlyCount "93"]
[EventDate "2013.10.14"]
[EventType "swiss"]
[EventRounds "9"]
[EventCountry "DEN"]
[SourceTitle "EXT 2014"]
[Source "ChessBase"]
[SourceDate "2013.11.20"]
[SourceVersion "1"]
[SourceVersionDate "2013.11.20"]
[SourceQuality "1"]

1. d4 d5 2. c4 e6 3. Nf3 Nf6 4. g3 c6 5. Bg2 Bd6 6. 0-0 Nbd7 7. Nbd2 h6 8. b3 0-0 9. Bb2 Re8 10. e3 e5 11. cxd5 cxd5 12. dxe5 Nxe5 13. Nxe5 Bxe5 14. Bxe5 Rxe5 15. Nf3 Bg4 16. Qd4 Re4 17. Qd3 Bxf3 18. Bxf3 Re7 19. Rfd1 Rd7 20. Rd2 Qe7 21. Rad1 Rad8 22. Qd4 b6 23. Kg2 Qe6 24. Qa4 Qe7 25. Rd4 Qc5 26. b4 Qe7 27. a3 Qe6 28. Qb5 g5 29. Kg1 Kg7 30. Qd3 g4 31. Bg2 Ne4 32. Bxe4 dxe4 33. Rxd7 exd3 34. Rxd8 Qa2 35. R1xd3 Qe2 36. R8d7 a5 37. R3d4 h5 38. Rf4 axb4 39. axb4 Kg6 40. Rd6+ Kg7 41. Rxb6 Qd1+ 42. Kg2 Qd5+ 43. e4 Qd4 44. Rb7 Kg6 45. Rbxf7 Qxb4 46. h3 gxh3+ 47. Kxh3 1-0

[Event "Koge Xtracon op"]
[Site "Koge"]
[Date "2013.10.15"]
[Round "2"]
[White "Degerfeldt, Sven"]
[Black "Nielsen, Kai Gylling"]
[Result "1-0"]
[WhiteElo "1929"]
[BlackElo "1809"]
[PlyCount "63"]
[EventDate "2013.10.14"]
[EventType "swiss"]
[EventRounds "9"]
[EventCountry "DEN"]
[SourceTitle "EXT 2014"]
[Source "ChessBase"]
[SourceDate "2013.11.20"]
[SourceVersion "1"]
[SourceVersionDate "2013.11.20"]
[SourceQuality "1"]

1. d4 Nf6 2. c4 c5 3. d5 d6 4. Nc3 g6 5. e4 Bg7 6. Bd3 e5 7. Nge2 Na6 8. 0-0 h5 9. Bg5 Bh6 10. Bxh6 Rxh6 11. Qd2 Rh7 12. h3 Bd7 13. f4 Qe7 14. Rf2 Nb4 15. Bb1 0-0-0 16. a3 Na6 17. Bd3 Rf8 18. Raf1 Ne8 19. f5 gxf5 20. exf5 f6 21. Ne4 Rg8 22. g3 Rhg7 23. Kh2 Rh7 24. b4 cxb4 25. axb4 h4 26. g4 Qd8 27. c5 dxc5 28. bxc5 Nac7 29. N2c3 Kb8 30. Bc4 a6 31. d6 Na8 32. Bxg8 1-0